00612nam a22001697a 450000500170000001000310001702000260004803500270007403700170010103700140011808200080013224501830014026000340032327000470035730000210040470000170042520180328104836.0 a1718EN-30 ENG-122427  a9789351872818c729.00 aB-684570-594 EN-105959 bUnique adpl bDBAD/PUB. a510 aA complete resource manual M.Sc. mathematics : cedited by Suraj Singh [and] Rashmi Guptab entrance examination for all Indian universities and other competitive examinations /  aNew DelhibUnique Publ c2017 aM-51, Lajpat Nagar-II, bNew Delhie110024 a868p.c25cm(pbk) aRashmi Gupta